[Event "Villa Maria Cultural op 1st"]
[Site "Villa Maria"]
[Date "2012.02.19"]
[Round "4"]
[White "Orfali, Marcelo Rafael"]
[Black "Fiora, Emilio"]
[Result "1-0"]
[WhiteElo "2087"]
[BlackElo "1856"]
[PlyCount "93"]
[EventDate "2012.02.18"]
[EventType "swiss"]
[EventRounds "6"]
[EventCountry "ARG"]
[SourceTitle "EXT 2013"]
[Source "ChessBase"]
[SourceDate "2012.11.22"]
[SourceVersion "1"]
[SourceVersionDate "2012.11.22"]
[SourceQuality "1"]

1. e4 c5 2. a3 g6 3. b4 Bg7 4. c3 d6 5. d4 Nf6 6. Nd2 Qb6 7. bxc5 dxc5 8. Rb1 Qa5 9. Rb5 Qd8 10. Rxc5 b6 11. Rb5 Ba6 12. Rb1 Bxf1 13. Kxf1 Qc7 14. Ne2 Bh6 15. Qc2 Nc6 16. e5 Nh5 17. Qe4 0-0 18. f4 f5 19. Qf3 e6 20. a4 Na5 21. Ba3 Rfe8 22. Bd6 Nc4 23. Nxc4 Qxc4 24. Rb4 Qa2 25. g3 Rac8 26. Kf2 Bf8 27. Bxf8 Rxf8 28. Rhb1 Rf7 29. R1b2 Qa3 30. d5 Ng7 31. d6 Rd7 32. Qd3 Kf7 33. Qd2 Qa1 34. Kg2 a5 35. Ra2 Qxa2 36. Qxa2 axb4 37. cxb4 Ne8 38. Nd4 Nc7 39. Qc4 h6 40. dxc7 Rdxc7 41. Qxe6+ Kg7 42. Qf6+ Kh7 43. Ne6 Rc2+ 44. Kh3 Rg8 45. Nf8+ Rxf8 46. Qxf8 g5 47. Qxf5+ 1-0

[Event "Madrid Codes Memorial 3rd"]
[Site "Madrid"]
[Date "2009.05.31"]
[Round "7"]
[White "Orfali, Marcelo Rafael"]
[Black "Romero Jaime, Pedro"]
[Result "1-0"]
[WhiteElo "2040"]
[BlackElo "1741"]
[PlyCount "53"]
[EventDate "2009.04.05"]
[EventType "swiss"]
[EventRounds "9"]
[EventCountry "ESP"]
[SourceTitle "EXT 2010"]
[Source "ChessBase"]
[SourceDate "2010.11.25"]
[SourceVersion "1"]
[SourceVersionDate "2010.11.25"]
[SourceQuality "1"]

1. e4 c5 2. a3 e6 3. b4 cxb4 4. axb4 Bxb4 5. Bb2 Nf6 6. e5 Nd5 7. c4 Nb6 8. Ra3 Qc7 9. Rb3 Na6 10. Qg4 Bf8 11. Na3 Nc5 12. Nb5 Qc6 13. Rf3 Ne4 14. Ne2 Nxd2 15. Rf4 Ndxc4 16. Ned4 Bb4+ 17. Bc3 Bxc3+ 18. Nxc3 Qc5 19. Ndb5 Nxe5 20. Qxg7 Rf8 21. Rd4 d5 22. Qxe5 Kd7 23. Be2 a6 24. Ne4 Qc6 25. 0-0 axb5 26. Bxb5 Qxb5 27. Qd6+ 1-0

[Event "Madrid CDV op 2nd"]
[Site "Madrid"]
[Date "2009.02.14"]
[Round "2"]
[White "Martin Duque, Jesus"]
[Black "Orfali, Marcelo Rafael"]
[Result "1-0"]
[WhiteElo "1757"]
[BlackElo "2055"]
[PlyCount "57"]
[EventDate "2009.02.13"]
[EventType "swiss"]
[EventRounds "7"]
[EventCountry "ESP"]
[SourceTitle "CBM 129 Extra"]
[Source "ChessBase"]
[SourceDate "2009.05.05"]
[SourceVersion "2"]
[SourceVersionDate "2009.05.20"]
[SourceQuality "1"]

1. e4 c6 2. d4 d5 3. exd5 cxd5 4. c4 Nc6 5. Nf3 Nf6 6. Nc3 dxc4 7. Bxc4 e6 8. 0-0 Be7 9. Be3 0-0 10. Ne5 Bd7 11. Rc1 a6 12. a3 Rc8 13. Be2 b5 14. b4 Bd6 15. f4 Ne7 16. Bf3 Ned5 17. Nxd5 exd5 18. Qb3 Be6 19. Rxc8 Qxc8 20. Rc1 Qb7 21. Nd3 Re8 22. Nc5 Qa8 23. Qd3 Bf5 24. Qxf5 Rxe3 25. Nd7 Re8 26. Nxf6+ gxf6 27. Bxd5 Qa7 28. Qxf6 Bf8 29. Rc3 1-0

[Event "Oviedo op 3rd"]
[Site "Oviedo"]
[Date "2008.07.30"]
[Round "8"]
[White "Olea Perez, Mario"]
[Black "Orfali, Marcelo Rafael"]
[Result "1-0"]
[WhiteElo "2217"]
[BlackElo "2058"]
[PlyCount "125"]
[EventDate "2008.07.23"]
[EventType "swiss"]
[EventRounds "9"]
[EventCountry "ESP"]
[SourceTitle "CBM 125 Extra"]
[Source "ChessBase"]
[SourceDate "2008.09.01"]
[SourceVersion "1"]
[SourceVersionDate "2008.09.01"]
[SourceQuality "1"]

1. d4 d5 2. c4 e6 3. Nf3 Nf6 4. g3 b6 5. Bg2 Bb7 6. Qc2 Bb4+ 7. Bd2 Be7 8. 0-0 0-0 9. Bf4 Nbd7 10. Rd1 Qc8 11. Ne5 c5 12. Nxd7 Nxd7 13. cxd5 exd5 14. dxc5 Bxc5 15. e3 Nf6 16. Nc3 Bb4 17. Rac1 Bxc3 18. Qxc3 Qxc3 19. Rxc3 Rac8 20. Bc7 Rfe8 21. Bh3 Ra8 22. Bf4 Bc8 23. Bxc8 Rexc8 24. Rdc1 Rxc3 25. Rxc3 Ne8 26. g4 f6 27. Kf1 Kf7 28. Ke2 Rd8 29. Kd3 Rd7 30. Rc6 g6 31. Kd4 Ng7 32. Bd6 h5 33. h3 hxg4 34. hxg4 f5 35. Kxd5 fxg4 36. Rc7 Rxc7 37. Bxc7 Ke7 38. Kc6 Ne6 39. Bb8 Ng5 40. Kb7 Kd7 41. Kxa7 Kc6 42. Ka6 Ne4 43. b4 Nxf2 44. b5+ Kc5 45. Bc7 Ne4 46. Bxb6+ Kd5 47. Bc7 g3 48. b6 g2 49. Bh2 Kc6 50. Ka7 Nd6 51. Ka6 g5 52. a4 g4 53. a5 Nb7 54. e4 Nc5+ 55. Ka7 Nb7 56. a6 Nd6 57. b7 Nb5+ 58. Ka8 Nc7+ 59. Bxc7 g1Q 60. b8Q Qf1 61. Qb6+ Kd7 62. Qd6+ Ke8 63. Qe6+ 1-0

[Event "Madrid San Viator op 10th"]
[Site "Madrid"]
[Date "2008.06.08"]
[Round "5"]
[White "Sarabia Utrilla, Joaquin"]
[Black "Orfali, Marcelo Rafael"]
[Result "0-1"]
[WhiteElo "1844"]
[BlackElo "2083"]
[PlyCount "78"]
[EventDate "2008.05.11"]
[EventType "swiss"]
[EventRounds "9"]
[EventCountry "ESP"]
[SourceTitle "EXT 2009"]
[Source "ChessBase"]
[SourceDate "2008.11.26"]
[SourceVersion "1"]
[SourceVersionDate "2008.11.26"]
[SourceQuality "1"]

1. d4 Nf6 2. c4 g6 3. Nc3 d5 4. cxd5 Nxd5 5. e4 Nxc3 6. bxc3 Bg7 7. Bc4 c5 8. Ne2 0-0 9. 0-0 Nc6 10. Be3 cxd4 11. cxd4 Bg4 12. f3 Na5 13. Bxf7+ Rxf7 14. fxg4 Rxf1+ 15. Kxf1 b5 16. Rc1 Qd6 17. Kg1 Qe6 18. Nc3 a6 19. d5 Qe5 20. Qd3 Nc4 21. Bf2 Rf8 22. Ne2 Qg5 23. h3 h5 24. gxh5 gxh5 25. Rf1 Nd2 26. Rd1 Nf3+ 27. Kh1 Ne5 28. Qg3 Qh6 29. Bd4 h4 30. Qc3 Qh5 31. Re1 b4 32. Qb3 Kh7 33. Ng1 Qg6 34. Bxe5 Bxe5 35. Nf3 Qg3 36. Re2 Rxf3 37. gxf3 Qxh3+ 38. Kg1 Bd4+ 39. Re3 Qxf3 0-1

[Event "Madrid San Viator op 10th"]
[Site "Madrid"]
[Date "2008.06.01"]
[Round "4"]
[White "Orfali, Marcelo Rafael"]
[Black "Fernandez Lledo, Javier"]
[Result "1-0"]
[WhiteElo "2084"]
[BlackElo "1905"]
[PlyCount "89"]
[EventDate "2008.05.11"]
[EventType "swiss"]
[EventRounds "9"]
[EventCountry "ESP"]
[SourceTitle "EXT 2009"]
[Source "ChessBase"]
[SourceDate "2008.11.26"]
[SourceVersion "1"]
[SourceVersionDate "2008.11.26"]
[SourceQuality "1"]

1. e4 c5 2. a3 Nc6 3. b4 cxb4 4. axb4 Nxb4 5. c3 Nc6 6. d4 d6 7. d5 Ne5 8. Qd4 Qc7 9. Rxa7 Rxa7 10. Qxa7 Nf6 11. Be3 Bd7 12. f4 Ng6 13. Bd3 e6 14. dxe6 fxe6 15. Nf3 Be7 16. Bb6 Qc8 17. g3 0-0 18. 0-0 Qa8 19. Nbd2 Qxa7 20. Bxa7 Bc6 21. Ng5 Ra8 22. Bd4 Nf8 23. e5 N6d7 24. exd6 Bxd6 25. Re1 Ra2 26. Nde4 Bxe4 27. Bxe4 Nc5 28. Bf3 Nd3 29. Rd1 Nxf4 30. gxf4 Bxf4 31. h4 h6 32. Nh3 Bh2+ 33. Kh1 Ng6 34. Bf2 Ra3 35. Rd8+ Kf7 36. Bh5 Kf6 37. Rd3 Ne5 38. Bd4 Kf5 39. Re3 g5 40. Kg2 Ra2+ 41. Re2 Rxe2+ 42. Bxe2 Bf4 43. hxg5 hxg5 44. Nf2 Nc6 45. Bd3# 1-0

[Event "Madrid San Viator op 10th"]
[Site "Madrid"]
[Date "2008.05.11"]
[Round "1"]
[White "Orfali, Marcelo Rafael"]
[Black "Aburto Renovales, Rafael"]
[Result "1-0"]
[WhiteElo "2084"]
[BlackElo "1647"]
[PlyCount "107"]
[EventDate "2008.05.11"]
[EventType "swiss"]
[EventRounds "9"]
[EventCountry "ESP"]
[SourceTitle "EXT 2009"]
[Source "ChessBase"]
[SourceDate "2008.11.26"]
[SourceVersion "1"]
[SourceVersionDate "2008.11.26"]
[SourceQuality "1"]

1. e4 c5 2. a3 Nc6 3. b4 cxb4 4. axb4 b6 5. b5 Na5 6. Bb2 d5 7. exd5 Qxd5 8. Nc3 Qd8 9. Nf3 e6 10. Ra4 Nf6 11. Ne5 Bb7 12. Be2 Bd6 13. Rd4 Qe7 14. Ng4 Nd7 15. Bf3 0-0 16. Nh6+ Kh8 17. 0-0 Ne5 18. Bxb7 Nxb7 19. Ng4 Ng6 20. Re1 Nc5 21. Qa1 f5 22. Rxd6 fxg4 23. Rd4 h5 24. Ne4 e5 25. Nxc5 bxc5 26. Rde4 Qf6 27. Rf1 Rae8 28. f4 gxf3 29. Rxf3 Qd6 30. Rxf8+ Rxf8 31. Qd1 Rf5 32. d3 Qd5 33. Bc1 c4 34. Rxc4 Nf4 35. Bxf4 exf4 36. Qf3 g6 37. Rc8+ Kh7 38. Qxd5 Rxd5 39. Rc7+ Kh6 40. Rxa7 Rxb5 41. Kf2 h4 42. Kf3 Kg5 43. Ra4 Rb1 44. Ra5+ Kh6 45. Kxf4 Rb4+ 46. c4 Rb2 47. Kf3 Rd2 48. Ra3 Kh5 49. Rc3 g5 50. g4+ Kg6 51. c5 Rxh2 52. c6 Rh3+ 53. Kf2 Rg3 54. c7 1-0

[Event "Mondariz 7th"]
[Site "Mondariz"]
[Date "2007.10.12"]
[Round "8"]
[White "Ortiz Suarez, Isan Reynaldo"]
[Black "Orfali, Marcelo Rafael"]
[Result "1-0"]
[WhiteElo "2417"]
[BlackElo "2097"]
[PlyCount "121"]
[EventDate "2007.10.06"]
[EventType "tourn"]
[EventRounds "9"]
[EventCountry "ESP"]
[EventCategory "4"]
[SourceTitle "CBM 120 Extra"]
[Source "ChessBase"]
[SourceDate "2007.11.01"]
[SourceVersion "1"]
[SourceVersionDate "2007.11.01"]
[SourceQuality "1"]

1. e4 e6 2. d4 d5 3. Nc3 Nc6 4. Nf3 Nf6 5. e5 Ne4 6. Bd3 Bb4 7. Bd2 Nxd2 8. Qxd2 Bd7 9. a3 Bxc3 10. Qxc3 Qe7 11. b4 a6 12. 0-0 f6 13. Rfe1 f5 14. Reb1 g5 15. a4 g4 16. Nd2 Rc8 17. b5 axb5 18. axb5 Nd8 19. Nb3 b6 20. Qd2 Nf7 21. c4 dxc4 22. Bxc4 Ng5 23. d5 Qg7 24. Kh1 exd5 25. Bxd5 Be6 26. Bxe6 Nxe6 27. Qb4 Qe7 28. Qc4 0-0 29. Nd4 Rce8 30. Nxe6 Qxe6 31. Qxc7 Rf7 32. Qc6 Qxe5 33. Qxb6 Rfe7 34. Qa5 Re6 35. Kg1 Rh6 36. Qa2+ Kf8 37. Qa3+ Kg8 38. Qb3+ Kf8 39. g3 Rb6 40. Ra7 Qe6 41. Qc3 Qe5 42. Qc4 Re7 43. Ra8+ Kg7 44. Rg8+ Kf6 45. Qc1 Qe4 46. Qb2+ Qe5 47. Rf8+ Kg5 48. Qb3 Qe6 49. Qc3 Qe5 50. Qc8 h6 51. Rd8 Kh5 52. Qc4 Rc7 53. Qd3 Rc5 54. Qd7 Rcxb5 55. Qf7+ Rg6 56. Rxb5 Qxb5 57. h3 Qb1+ 58. Kh2 Qc2 59. hxg4+ Kg5 60. Qe7+ Kxg4 61. Rd4+ 1-0

[Event "Mondariz 7th"]
[Site "Mondariz"]
[Date "2007.10.06"]
[Round "1"]
[White "Alsina Leal, Daniel"]
[Black "Orfali, Marcelo Rafael"]
[Result "1-0"]
[WhiteElo "2435"]
[BlackElo "2097"]
[PlyCount "27"]
[EventDate "2007.10.06"]
[EventType "tourn"]
[EventRounds "9"]
[EventCountry "ESP"]
[EventCategory "4"]
[SourceTitle "CBM 120 Extra"]
[Source "ChessBase"]
[SourceDate "2007.11.01"]
[SourceVersion "1"]
[SourceVersionDate "2007.11.01"]
[SourceQuality "1"]

1. e4 e6 2. d4 d5 3. Nc3 h6 4. Bd3 Nc6 5. Nf3 Nb4 6. Bb5+ Bd7 7. Bxd7+ Qxd7 8. Ne5 Qe7 9. a3 Na6 10. exd5 0-0-0 11. Qd3 exd5 12. Qf5+ Kb8 13. Qxf7 Nf6 14. Qxe7 1-0

[Event "Arvier op 2nd"]
[Site "Arvier"]
[Date "2005.04.20"]
[Round "3"]
[White "Rombaldoni, Axel"]
[Black "Orfali, Marcelo Rafael"]
[Result "1-0"]
[WhiteElo "2147"]
[BlackElo "2041"]
[PlyCount "109"]
[EventDate "2005.04.18"]
[EventType "swiss"]
[EventRounds "9"]
[EventCountry "ITA"]
[SourceTitle "CBM 105 Extra"]
[Source "ChessBase"]
[SourceDate "2005.05.01"]
[SourceVersion "1"]
[SourceVersionDate "2005.05.01"]
[SourceQuality "1"]

1. e4 c6 2. d4 d5 3. e5 Bf5 4. Nd2 h6 5. Nb3 e6 6. Nf3 Nd7 7. Be2 c5 8. dxc5 Nxc5 9. Nxc5 Bxc5 10. Bb5+ Kf8 11. 0-0 Ne7 12. c3 a6 13. Be2 Nc6 14. Bf4 g5 15. Bg3 h5 16. h4 gxh4 17. Nxh4 Qg5 18. Kh2 Ne7 19. Qc1 Qg7 20. c4 d4 21. b4 Bb6 22. Bf3 Ng6 23. Bxb7 Ra7 24. c5 Bc7 25. c6 Nxh4 26. Bxh4 Be4 27. Qg5 Qxg5 28. Bxg5 Rg8 29. f4 f6 30. Rae1 Bd5 31. Bh6+ Kf7 32. exf6 Rxg2+ 33. Kh3 Rxa2 34. Rg1 Kxf6 35. Bg7+ Kf5 36. Be5 Ra3+ 37. Rg3 Rxg3+ 38. Kxg3 h4+ 39. Kh3 Bxe5 40. Rxe5+ Kxf4 41. Rxd5 exd5 42. c7 Rxb7 43. c8Q Rf7 44. Qxa6 Ke5 45. Qe2+ Kd6 46. Qd2 Ke5 47. b5 Rb7 48. Kxh4 Kd6 49. Qb4+ Ke5 50. Kg3 Ke4 51. Kf2 Kd3 52. Qb3+ Ke4 53. Ke2 Ke5 54. Qb4 Ke4 55. b6 1-0

[Event "Internet Section 11A g/8'+2\""]
[Site "Dos Hermanas"]
[Date "2004.03.10"]
[Round "2"]
[White "Sisask, Jesper"]
[Black "Orfali, Marcelo Rafael"]
[Result "1-0"]
[WhiteElo "2038"]
[BlackElo "2035"]
[PlyCount "73"]
[EventDate "2004.03.11"]
[EventType "swiss (blitz)"]
[EventRounds "9"]
[EventCountry "ESP"]
[SourceTitle "EXT 2005"]
[Source "ChessBase"]
[SourceDate "2004.11.15"]
[SourceVersion "1"]
[SourceVersionDate "2004.11.15"]
[SourceQuality "1"]

1. d4 d5 2. c4 c6 3. Nf3 Nf6 4. e3 a6 5. Bd3 b5 6. b3 Bg4 7. Nbd2 e6 8. Bb2 Nbd7 9. Qc2 Bh5 10. 0-0 Rc8 11. Ne5 Bg6 12. e4 Nxe5 13. dxe5 Nd7 14. f4 bxc4 15. bxc4 dxe4 16. Nxe4 Nc5 17. Nd6+ Bxd6 18. Bxg6 hxg6 19. exd6 Qxd6 20. Bxg7 Rh7 21. Be5 Qe7 22. Rfd1 Nd7 23. Bd6 Qh4 24. g3 Qg4 25. Rab1 Rh5 26. Rb7 Nf6 27. Re7+ Kd8 28. Ba3+ Nd5 29. cxd5 Rxd5 30. Rxd5+ cxd5 31. Qa4 Rc6 32. Qa5+ Kc8 33. Re8+ Kb7 34. Qb4+ Rb6 35. Qe7+ Kc6 36. Qc5+ Kb7 37. Qc8+ 1-0

[Event "Internet Section 09B g/8'+2\""]
[Site "Dos Hermanas"]
[Date "2004.03.09"]
[Round "2"]
[White "Lehner, Oliver"]
[Black "Orfali, Marcelo Rafael"]
[Result "1-0"]
[WhiteElo "2394"]
[BlackElo "2035"]
[PlyCount "25"]
[EventDate "2004.03.09"]
[EventType "swiss (blitz)"]
[EventRounds "9"]
[EventCountry "ESP"]
[SourceTitle "CBM 099 Extra"]
[Source "ChessBase"]
[SourceDate "2004.05.04"]
[SourceVersion "1"]
[SourceVersionDate "2004.05.04"]
[SourceQuality "1"]

1. d4 Nf6 2. c4 g6 3. Nc3 d5 4. cxd5 Nxd5 5. Bd2 Bg7 6. Nf3 0-0 7. Rc1 b6 8. e4 Nxc3 9. Bxc3 Bb7 10. Bd3 Nd7 11. 0-0 e5 12. dxe5 Nxe5 13. Bxe5 1-0